| 000 | 00641nam a2200229Ia 4500 | ||
|---|---|---|---|
| 005 | 20260429111900.0 | ||
| 008 | 260429s9999||||xx |||||||||||||| ||und|| | ||
| 020 | _a9789357517829 | ||
| 041 | _aEnglish | ||
| 082 |
_a635.9 _bKUM |
||
| 100 | _aKumar, Mukul | ||
| 245 | 0 |
_aCommercial protected floriculture / _cMukul Kumar |
|
| 260 |
_aDelhi : _bRandom Publications, _c2025. |
||
| 300 | _ax, 300 p.; hb | ||
| 650 | _a Agricultural technology | ||
| 650 | _a Commercial horticulture | ||
| 650 | _a Flower cultivation | ||
| 650 | _a Greenhouse technology | ||
| 650 | _a Protected cultivation | ||
| 650 | _aFloriculture | ||
| 942 | _cTB | ||
| 999 |
_c51257 _d51257 |
||